Investigaciones sobre la nueva dinámica cerebral (Record no. 74981)

MARC details
000 -LEADER
campo de control de longitud fija 00770nam a2200193 i 4500
001 - NÚMERO DE CONTROL
campo de control 74981
003 - IDENTIFICADOR DE NÚMERO DE CONTROL
campo de control ES-MaACL
005 - FECHA Y HORA DE LA ÚLTIMA TRANSACCIÓN
campo de control 20230906172315.0
007 - CAMPO FIJO DE DESCRIPCIÓN FÍSICA--INFORMACIÓN GENERAL
campo de control de longitud fija t|
008 - DATOS DE LONGITUD FIJA--INFORMACIÓN GENERAL
campo de control de longitud fija 040921s1945 sp ||||1| spa d
100 1# - ENTRADA PRINCIPAL--NOMBRE DE PERSONA
Nombre de persona Gonzalo, Justo.
9 (RLIN) 59054
245 10 - MENCIÓN DEL TÍTULO
Título Investigaciones sobre la nueva dinámica cerebral
Resto del título : la actividad cerebral en función de las condiciones dinámicas de la excitabilidad nerviosa /
Mención de responsabilidad, etc. por Justo Gonzalo.
260 ## - PUBLICACIÓN, DISTRIBUCIÓN, ETC.
Lugar de publicación, distribución, etc. Madrid :
Nombre del editor, distribuidor, etc. Consejo Superior de Investigaciones Científicas,
Fecha de publicación, distribución, etc. 1945.
300 ## - DESCRIPCIÓN FÍSICA
Extensión XVI, 392 p. ;
Dimensiones 24 cm.
500 ## - NOTA GENERAL
Nota general Precede al tít.: Consejo Superior de Investigaciones Científicas. Instituto Ramón y Cajal.
650 #4 - PUNTO DE ACCESO ADICIONAL DE MATERIA--TÉRMINO DE MATERIA
Término de materia o nombre geográfico como elemento de entrada Cerebro-
Subdivisión general Fisiología.
9 (RLIN) 10904
710 2# - ENTRADA AGREGADA--NOMBRE DE ENTIDAD CORPORATIVA
Nombre de entidad corporativa o nombre de jurisdicción como elemento de entrada Instituto Cajal.
9 (RLIN) 172571
852 ## - LOCALIZACIÓN
Ubicación ES-MaACL
Número de control de estantería E-3317
Holdings
Estatus retirado Estado de pérdida Estado de daño No para préstamo Biblioteca de origen Biblioteca actual Ubicación en estantería Fecha de adquisición Fuente de adquisición Total de préstamos Signatura topográfica completa Código de barras Visto por última vez Precio de reemplazo Tipo de ítem Koha
        Biblioteca del Ateneo de Madrid Biblioteca del Ateneo de Madrid Depósito 2 17/01/2008     E-3317 1078484 23/02/2023 23/02/2023 Libro impreso